000 00910cam a2200265 a 4500
001 000010089
005 20200929161834.0
008 790320s1969 ag 000 0 spa
015 _aLACAP70-1935
040 _aDO-SdBNP
_bspa
_cNSbSU
_dDLC
_dBNPHU
082 _aA862.44
_bD226q
100 1 _aDarthés, Camilo,
_d1889-1974
_925069
245 1 0 _aQué pequeño era mi mundo! /
_cCamilo Darthes, Carlos S. Damel.
260 _aBuenos Aires, (Argentina) :
_bEdiciones Carro de Tespis,
_c1969.
300 _a87 p. ;
_c19 cm.
490 1 _aArgentores
_v106
586 _aPremios Argentores, 1954
650 4 _aTeatro argentino
_94843
650 4 _aLiteratura argentina
_93860
700 1 _aDamel, Carlos S.
_q(Carlos Santiago),
_d1890-1959,
_925070
710 2 _aSociedad General de Autores de la Argentina
_925071
830 0 _aArgentores ;
_v106
_925072
910 _aCatalogación por copia / LC
049 _aBNGR
999 _c9848
_d9848